[Event "Vienna Chess Open 2013"]
[Site "Großer Festsaal im Wiener Rathaus, 1010 Wien"]
[Date "2013.08.23"]
[Round "7.1"]
[White "Poetsch, Hagen"]
[Black "Kim, Alexey"]
[Result "1-0"]
[WhiteElo "2446"]
[BlackElo "2477"]
[[PlyCount "79"]
[[BlackElo "2477"]

1.e4 c6 2.d4 d5 3.e5 Bf5 4.Nf3 e6 5.Be2 Nd7 6.O-O Ne7 7.Nbd2 Bg6 8.Nh4 c5 9.c3 Qb6
10.Nxg6 hxg6 11.Nf3 Nf5 12.g3 Be7 13.h4 a6 14.Rb1 cxd4 15.cxd4 Nb8 16.b4 Nc6 17.Bb2
Rc8 18.Bc3 O-O 19.Qd2 Rc7 20.Kg2 Rfc8 21.Rb3 Qa7 22.a4 Ra8 23.Kh3 a5 24.b5 Nb4 25.g4
Nh6 26.Bd3 b6 27.Bb1 Rac8 28.h5 g5 29.Bb2 f5 30.exf6 gxf6 31.Qe2 e5 32.dxe5 f5 33.gxf5
g4+ 34.Kh2 gxf3 35.Rxf3 Rc4 36.Rg3+ Kf8 37.f6 Bxf6 38.exf6 Re8 39.Qd2 Nf7 40.Bh7 1-0

[Event "Vienna Chess Open 2013"]
[Site "Großer Festsaal im Wiener Rathaus, 1010 Wien"]
[Date "2013.08.23"]
[Round "7.2"]
[White "Novikov, Stanislav"]
[Black "Chatalbashev, Boris"]
[Result "1-0"]
[WhiteElo "2545"]
[BlackElo "2523"]
[[PlyCount "122"]
[[BlackElo "2523"]

1.e4 d6 2.d4 Nf6 3.Nc3 g6 4.Nf3 Bg7 5.Be2 O-O 6.O-O c5 7.d5 e6 8.Nd2 exd5 9.exd5 Nbd7
10.Nc4 Nb6 11.Ne3 Ne8 12.a4 f5 13.a5 Nd7 14.f4 Ndf6 15.Bf3 Bd7 16.Qd3 Nc7 17.Bd2 Re8
18.Rae1 b5 19.axb6 axb6 20.Nc4 Nb5 21.Nxb5 Bxb5 22.Bc3 Ba6 23.Re6 Ra7 24.Rfe1 Rae7
25.b3 Ne4 26.Bxg7 Kxg7 27.Bxe4 Rxe6 28.dxe6 Rxe6 29.Qc3+ Qf6 30.Qxf6+ Kxf6 31.Nxb6
Rxe4 32.Nd5+ Kf7 33.Rxe4 fxe4 34.Kf2 Bb7 35.c4 Ke6 36.Nc3 Kf5 37.Ke3 h5 38.Nb5 Ke6
39.g3 Bc6 40.Nc3 Kf5 41.h3 Bb7 42.Nxe4 Ke6 43.g4 hxg4 44.hxg4 Bc8 45.Nc3 Kf7 46.Kf3
Bb7+ 47.Kg3 Ke6 48.Kh4 Bg2 49.Kg5 Bf3 50.f5+ gxf5 51.gxf5+ Kf7 52.Kf4 Bg2 53.Nd1 Bf1
54.Ne3 Bd3 55.Kg5 Bb1 56.f6 Ke6 57.Nd5 Bc2 58.Nc7+ Kf7 59.Nb5 Ke6 60.Nxd6 Kxd6 61.Kh6
Kd5 1-0

[Event "Vienna Chess Open 2013"]
[Site "Großer Festsaal im Wiener Rathaus, 1010 Wien"]
[Date "2013.08.23"]
[Round "7.3"]
[White "Handler, Lukas"]
[Black "Guliyev, Namig"]
[Result "1-0"]
[WhiteElo "2393"]
[BlackElo "2562"]
[[PlyCount "185"]
[[BlackElo "2562"]

1.d4 d5 2.c4 dxc4 3.e4 Nf6 4.e5 Nd5 5.Bxc4 Nb6 6.Bd3 Nc6 7.Be3 Be6 8.Nc3 Qd7 9.Nf3
Bg4 10.h3 Bh5 11.Be4 e6 12.O-O Be7 13.a3 Rd8 14.Rc1 O-O 15.Ne2 Nd5 16.Ng3 Bg6 17.Bxg6
fxg6 18.Ne4 h6 19.Qc2 g5 20.Nfd2 Kh8 21.Nb3 Qc8 22.Nc3 Nxc3 23.Qxc3 Rd5 24.f4 gxf4
25.Bxf4 Qd7 26.Be3 a5 27.Rxf8+ Bxf8 28.Rf1 Kg8 29.Qc2 Qe8 30.Qe4 Rd7 31.Qg4 h5 32.Qe4
Rf7 33.Rc1 Qd8 34.Nc5 Bxc5 35.Rxc5 Ne7 36.Rxa5 Nd5 37.Rc5 c6 38.Rc2 Qb6 39.Qd3 Rf5
40.Kh2 Qb5 41.Qxb5 cxb5 42.Bd2 Rf1 43.Bg5 Kf7 44.Rc5 b4 45.axb4 Kg6 46.h4 Rd1 47.Rc4
Kf5 48.b5 Rd3 49.b6 Rb3 50.Rc7 Rxb6 51.Rxg7 Rxb2 52.Rh7 b5 53.Rxh5 Kg4 54.Rh8 b4 55.Bf6
b3 56.Rg8+ Kf5 57.h5 Rf2 58.h6 b2 59.h7 b1=Q 60.h8=Q Ke4 61.Qh7+ Rf5 62.Rg4+ Ke3 63.Bg5+
Ke2 64.Qh5 Kd3 65.Qh4 Kc4 66.Bf4 Qd1 67.Qg3 Nc3 68.d5 Ne4 69.Qh4 Qxd5 70.Bg3 Kd3 71.Rf4
Rxf4 72.Bxf4 Qd7 73.Qh3+ Kc4 74.Qe3 Qh7+ 75.Kg1 Nc3 76.Qe1 Qd3 77.Qe3 Qf5 78.g3 Qc2
79.Qf2 Ne2+ 80.Kg2 Qd1 81.Qf1 Qc2 82.Kf2 Kd3 83.Be3 Qb2 84.Qd1+ Ke4 85.Qxe2 Qa1 86.Bf4+
Kd4 87.Qd2+ Ke4 88.Qe3+ Kd5 89.Qd3+ Kc6 90.Qd6+ Kb7 91.Qxe6 Qb2+ 92.Kf3 Qb3+ 93.Qxb3+ 1-0

[Event "Vienna Chess Open 2013"]
[Site "Großer Festsaal im Wiener Rathaus, 1010 Wien"]
[Date "2013.08.23"]
[Round "7.4"]
[White "Tjomsland, Stig"]
[Black "Hawkins, Jonathan"]
[Result "0-1"]
[WhiteElo "2337"]
[BlackElo "2521"]
[[PlyCount "52"]
[[BlackElo "2521"]

1.d4 Nf6 2.c4 c5 3.d5 b5 4.cxb5 a6 5.f3 g6 6.e4 Bg7 7.Nc3 d6 8.Bg5 O-O 9.a4 Qa5 10.Ra3
Nbd7 11.Nh3 Ne5 12.Nf2 Bb7 13.Be2 axb5 14.Bxb5 Ba6 15.O-O h6 16.Bc1 Rfb8 17.Qe2 Bxb5
18.axb5 Qb4 19.f4 Rxa3 20.fxe5 dxe5 21.Nd3 Qc4 22.bxa3 Qxc3 23.Bb2 Qb3 24.Bxe5 Rxb5
25.d6 c4 26.dxe7 cxd3 0-1

[Event "Vienna Chess Open 2013"]
[Site "Großer Festsaal im Wiener Rathaus, 1010 Wien"]
[Date "2013.08.23"]
[Round "7.5"]
[White "Visser, Henk-Jan"]
[Black "Krivoborodov, Egor"]
[Result "0-1"]
[WhiteElo "2262"]
[BlackElo "2502"]
[[PlyCount "106"]
[[BlackElo "2502"]

1.e4 c5 2.Nf3 Nc6 3.d4 cxd4 4.Nxd4 Nf6 5.Nc3 d6 6.Bg5 e6 7.Qd2 Be7 8.O-O-O O-O 9.f4
h6 10.Bh4 Nxd4 11.Qxd4 Qa5 12.Bc4 Qh5 13.Bg3 Rd8 14.Rhe1 Bd7 15.Kb1 Bc6 16.f5 d5 17.exd5
Nxd5 18.Bxd5 Bxd5 19.Qf2 Bb4 20.fxe6 Bxc3 21.Qxf7+ Qxf7 22.exf7+ Kxf7 23.bxc3 Bxg2
24.Rd4 Bc6 25.Rf4+ Kg8 26.Re7 Rd1+ 27.Kb2 Re8 28.Rc7 Rd7 29.Rxd7 Bxd7 30.c4 Bc6 31.Rf2
g5 32.Kc3 Kg7 33.Kd4 Kg6 34.Be5 Rd8+ 35.Kc5 Kh5 36.Bg7 Rd7 37.Bf8 Kg6 38.Bd6 Be4 39.Be5
Kh5 40.Bb8 a6 41.a4 Kg4 42.a5 h5 43.Bd6 h4 44.Rf8 Kh3 45.Be5 Rd2 46.Rg8 g4 47.Rh8
Rxh2 48.Bxh2 Kxh2 49.Rxh4+ Kg3 50.Rh8 Kf2 51.Kd4 Bf3 52.Rh2+ Bg2 53.c5 g3 0-1

[Event "Vienna Chess Open 2013"]
[Site "Großer Festsaal im Wiener Rathaus, 1010 Wien"]
[Date "2013.08.23"]
[Round "7.6"]
[White "Cherniaev, Alexander"]
[Black "Dastan, M.Batuhan"]
[Result "0-1"]
[WhiteElo "2451"]
[BlackElo "2417"]
[[PlyCount "72"]
[[BlackElo "2417"]

1.e4 e5 2.Nf3 Nc6 3.Bb5 a6 4.Ba4 Nge7 5.c3 d6 6.d4 Bd7 7.Bb3 h6 8.dxe5 dxe5 9.Bd5
Bg4 10.h3 Bxf3 11.Qxf3 Nxd5 12.exd5 Ne7 13.d6 cxd6 14.Qxb7 Qc8 15.Qxc8+ Rxc8 16.Ke2
g5 17.Rd1 Kd7 18.Nd2 Ke6 19.g4 Ng6 20.Ne4 Nf4+ 21.Bxf4 gxf4 22.Nd2 h5 23.c4 Be7 24.b3
Rcd8 25.Ne4 hxg4 26.hxg4 Rh4 27.Rg1 Rg8 28.f3 Rh2+ 29.Kd3 Rgh8 30.Nc3 R8h3 31.Rgf1
Rg2 32.Nd5 Rxg4 33.Rae1 Bg5 34.Nc7+ Kf5 35.b4 Rgg3 36.Ke2 Rg2+ 0-1

[Event "Vienna Chess Open 2013"]
[Site "Großer Festsaal im Wiener Rathaus, 1010 Wien"]
[Date "2013.08.23"]
[Round "7.7"]
[White "Drozdowski, Kacper"]
[Black "Vavulin, Maxim"]
[Result "1/2-1/2"]
[WhiteElo "2437"]
[BlackElo "2360"]
[[PlyCount "67"]
[[BlackElo "2360"]

1.d4 Nf6 2.Nf3 e6 3.e3 b6 4.Bd3 Bb7 5.O-O Be7 6.b3 O-O 7.Bb2 c5 8.Nbd2 cxd4 9.exd4
d6 10.Re1 Nbd7 11.c4 Re8 12.Nf1 Bf8 13.Ng3 Rc8 14.b4 e5 15.Bf1 exd4 16.Rxe8 Qxe8 17.Nxd4
d5 18.cxd5 Nxd5 19.Ndf5 N7f6 20.Qd2 h6 21.a3 Qa4 22.Be5 Ba6 23.Bxa6 Qxa6 24.h3 Qc4
25.Qb2 Qc2 26.Qxc2 Rxc2 27.Rd1 a5 28.bxa5 bxa5 29.a4 Rc4 30.Nh5 Nxh5 31.Rxd5 f6 32.Bb8
g6 33.Rxa5 gxf5 34.Rxf5 1/2-1/2

[Event "Vienna Chess Open 2013"]
[Site "Großer Festsaal im Wiener Rathaus, 1010 Wien"]
[Date "2013.08.23"]
[Round "7.8"]
[White "Moser, Eva"]
[Black "Pirrot, Dieter"]
[Result "0-1"]
[WhiteElo "2433"]
[BlackElo "2377"]
[[PlyCount "144"]
[[BlackElo "2377"]

1.e4 e6 2.d3 d5 3.Nd2 Nf6 4.Ngf3 Be7 5.g3 b6 6.Qe2 dxe4 7.dxe4 Ba6 8.Nc4 Nc6 9.e5
Nd5 10.Qe4 Ndb4 11.c3 Qd5 12.Qxd5 Nxd5 13.Bd2 O-O 14.O-O-O Bc5 15.Be1 Bb7 16.Be2 a5
17.Ncd2 a4 18.Ne4 a3 19.b4 Be7 20.Rg1 h6 21.Kc2 Na7 22.Ned2 Rfc8 23.Nb3 Bc6 24.Kb1
Ba4 25.Rc1 c5 26.bxc5 bxc5 27.Nfd2 Rab8 28.Ka1 Nc6 29.f4 f6 30.Bg4 Kf7 31.exf6 Bxf6
32.Ne4 Bxb3 33.axb3 Na5 34.Bd1 c4 35.Nd6+ Kf8 36.bxc4 Rc6 37.cxd5 Rxd6 38.dxe6 Rb2
39.Ba4 Rxe6 40.Rc2 Rxc2 41.Bxc2 Rxe1+ 42.Rxe1 Bxc3+ 43.Ka2 Bxe1 44.Kxa3 Nc6 45.Kb2
Bf2 46.Be4 Ne7 47.g4 Be3 48.f5 Bg5 49.Kc2 Kf7 50.Kd3 Kf6 51.Ke2 Ke5 52.Kf3 Bh4 53.Bb7
Kf6 54.Kf4 Be1 55.h3 Bh4 56.Ke4 Bg3 57.Kf3 Bd6 58.h4 Ke5 59.Be4 Bb4 60.Bb1 Bd2 61.Ke2
Bc1 62.Kf3 Nc6 63.Kg3 Bd2 64.Kf3 Nd4+ 65.Kg3 Be1+ 66.Kh3 Kf4 67.f6 gxf6 68.h5 Kf3
69.Ba2 Ne2 70.Bd5+ Kf2 71.Bb7 Kg1 72.g5 f5 0-1

[Event "Vienna Chess Open 2013"]
[Site "Großer Festsaal im Wiener Rathaus, 1010 Wien"]
[Date "2013.08.23"]
[Round "7.9"]
[White "Swicarz, Maciej"]
[Black "Fröwis, Georg"]
[Result "1-0"]
[WhiteElo "2238"]
[BlackElo "2432"]
[[PlyCount "53"]
[[BlackElo "2432"]

1.e4 d5 2.Nc3 dxe4 3.Nxe4 Nd7 4.g3 Ngf6 5.Nxf6+ Nxf6 6.Bg2 c6 7.d4 g6 8.c3 Bg7 9.Qb3
O-O 10.Nf3 Qb6 11.O-O Be6 12.Qa3 Rfe8 13.Re1 Bd5 14.b3 e6 15.Qb2 Nd7 16.Be3 Bxf3 17.Bxf3
Qc7 18.Rad1 e5 19.d5 f5 20.dxc6 bxc6 21.Qe2 e4 22.Qc4+ Kh8 23.Qf7 exf3 24.Rxd7 Qe5
25.h3 Rad8 26.Bd4 Rxd7 27.Qxe8+ 1-0

[Event "Vienna Chess Open 2013"]
[Site "Großer Festsaal im Wiener Rathaus, 1010 Wien"]
[Date "2013.08.23"]
[Round "7.10"]
[White "Lugovskoy, Maxim"]
[Black "Buhmann, Rainer"]
[Result "1/2-1/2"]
[WhiteElo "2372"]
[BlackElo "2583"]
[[PlyCount "201"]
[[BlackElo "2583"]

1.e4 e5 2.Nf3 Nc6 3.Nc3 Nf6 4.d4 exd4 5.Nxd4 Bb4 6.Nxc6 bxc6 7.Bd3 d5 8.exd5 O-O 9.O-O
cxd5 10.h3 c6 11.Qf3 Re8 12.Bf4 Qe7 13.Ne2 Ne4 14.Ng3 f5 15.c3 Bc5 16.Be3 Bxe3 17.Qxe3
Qf7 18.Bxe4 fxe4 19.f3 Ba6 20.Rf2 exf3 21.Qxf3 Qxf3 22.Rxf3 g6 23.Kf2 Kg7 24.Re1 Rxe1
25.Kxe1 c5 26.Rf4 Bb5 27.Kd2 Re8 28.Rf3 Re5 29.h4 a5 30.b3 Re6 31.Rf4 a4 32.c4 dxc4
33.bxa4 Rd6+ 34.Kc1 Bxa4 35.Rxc4 Rd1+ 36.Kb2 Rd2+ 37.Kc1 Rxg2 38.Ne4 Bc6 39.Ng5 h6
40.Ne6+ Kf6 41.Nxc5 Rxa2 42.Rf4+ Ke7 43.Rg4 Kf6 44.Rf4+ Ke7 45.Rg4 Be8 46.Re4+ Kf7
47.Rf4+ Kg8 48.Kd1 Bf7 49.Ke1 Kg7 50.Kf1 Rc2 51.Ne4 Bd5 52.Nf2 Rc1+ 53.Ke2 Rc3 54.Rd4
Bc6 55.Rf4 Bd5 56.Kd2 Rg3 57.Ke2 Bc6 58.Kd2 Bb5 59.Ng4 Rd3+ 60.Ke1 Rh3 61.Nf2 Re3+
62.Kd1 Re5 63.Nh3 Bd7 64.Nf2 Bf5 65.Kd2 h5 66.Nd1 Kf6 67.Ne3 Re4 68.Rxe4 Bxe4 69.Nf1
Kf5 70.Ke3 Bg2 71.Nh2 Bc6 72.Nf3 Bb7 73.Nh2 Ke5 74.Nf1 Bg2 75.Nh2 Bb7 76.Nf1 Bc6 77.Nh2
Kf5 78.Nf3 Ba4 79.Nh2 Bd1 80.Nf3 Kg4 81.Ne5+ Kf5 82.Nf3 Kf6 83.Nh2 Ke5 84.Nf1 Kf5
85.Nh2 Bb3 86.Kf3 Bd1+ 87.Ke3 Ke5 88.Nf1 Kf5 89.Nh2 Bb3 90.Kf3 Bd5+ 91.Ke3 Bc6 92.Nf3
Bd7 93.Nh2 Be8 94.Kf3 Bc6+ 95.Ke3 Bb5 96.Kf3 Ba6 97.Kg3 Be2 98.Nf3 Bc4 99.Ng5 Bd5
100.Nh7 Bg8 101.Ng5 1/2-1/2

[Event "Vienna Chess Open 2013"]
[Site "Großer Festsaal im Wiener Rathaus, 1010 Wien"]
[Date "2013.08.23"]
[Round "7.11"]
[White "Brühl, Andreas"]
[Black "Shengelia, David"]
[Result "1-0"]
[WhiteElo "2343"]
[BlackElo "2565"]
[[PlyCount "135"]
[[BlackElo "2565"]

1.d4 Nf6 2.c4 e6 3.Nf3 b6 4.g3 Ba6 5.Qa4 Be7 6.Bg2 O-O 7.Nc3 c6 8.Ne5 Qc8 9.O-O d5
10.Bf4 Qb7 11.Rac1 b5 12.cxb5 cxb5 13.Qc2 Nbd7 14.Nxd7 Qxd7 15.Bg5 Rac8 16.Qd2 b4
17.Nb1 Ne4 18.Bxe4 Bxg5 19.Qxg5 dxe4 20.Qe3 Qa4 21.a3 Rc2 22.b3 Qc6 23.axb4 Rc8 24.Rxc2
Qxc2 25.Re1 h6 26.b5 Bxb5 27.Na3 Qc6 28.Nxb5 Qxb5 29.Qxe4 Qxb3 30.Ra1 Qb6 31.d5 exd5
32.Qxd5 Rc6 33.Qd7 a6 34.Qe8+ Kh7 35.Qe4+ g6 36.Rb1 Qc7 37.Kg2 a5 38.Ra1 Rc4 39.Qa8
Rc5 40.Ra4 Kg7 41.h4 Re5 42.e3 Qc5 43.Rd4 Qc2 44.Rd8 Qe4+ 45.Qxe4 Rxe4 46.Ra8 a4 47.Ra6
Rb4 48.Kf3 h5 49.Ke2 Rb2+ 50.Kf3 Ra2 51.e4 a3 52.e5 Ra1 53.Ra8 g5 54.hxg5 Re1 55.Kf4
Re2 56.f3 a2 57.Kf5 Re3 58.f4 Rxg3 59.Rxa2 h4 60.Ra6 h3 61.Rh6 Kg8 62.Kf6 Ra3 63.f5
Rg3 64.g6 fxg6 65.e6 gxf5 66.e7 Re3 67.Rxh3 Re1 68.Rf3 1-0

[Event "Vienna Chess Open 2013"]
[Site "Großer Festsaal im Wiener Rathaus, 1010 Wien"]
[Date "2013.08.23"]
[Round "7.12"]
[White "Shchekachev, Andrei"]
[Black "Stromboli, Ettore"]
[Result "1/2-1/2"]
[WhiteElo "2527"]
[BlackElo "2336"]
[[PlyCount "119"]
[[BlackElo "2336"]

1.Nf3 Nf6 2.c4 b6 3.g3 Bb7 4.Bg2 e6 5.O-O Be7 6.Nc3 O-O 7.Re1 d5 8.cxd5 exd5 9.d4
Re8 10.Bf4 c6 11.Qb3 Nbd7 12.Rad1 Nf8 13.Ne5 Ne6 14.Be3 Qc7 15.Rc1 Qd6 16.Nf3 Rad8
17.Bg5 h6 18.Bxf6 Bxf6 19.e3 Qb8 20.Red1 Qa8 21.Qc2 c5 22.Qf5 Bc8 23.Qh5 Bb7 24.b3
Re7 25.Qf5 Bc8 26.dxc5 Nxc5 27.Qb1 Bg4 28.Nxd5 Rxd5 29.Ng5 hxg5 30.Rxd5 Qf8 31.b4
Na4 32.Qb3 Qe8 33.Rd6 b5 34.Bc6 Qb8 35.Qd5 Re5 36.Qd2 Re6 37.Rd5 Re5 38.Bd7 Bxd7 39.Rxd7
Nb6 40.Rdc7 Re7 41.R7c5 Qe8 42.Qd3 a6 43.Qf5 Re6 44.Qf3 g6 45.Qb7 Kg7 46.Qxa6 Nd5
47.Qb7 Nxb4 48.Rc8 Re7 49.Qa8 Qd7 50.Rh8 Be5 51.Rd8 Qb7 52.Qa3 Rc7 53.Rb1 Bc3 54.Rdd1
Na6 55.Qd6 Bf6 56.Qd5 b4 57.a3 Qxd5 58.Rxd5 bxa3 59.Ra5 Nc5 60.Rxa3 1/2-1/2

[Event "Vienna Chess Open 2013"]
[Site "Großer Festsaal im Wiener Rathaus, 1010 Wien"]
[Date "2013.08.23"]
[Round "7.13"]
[White "Stanec, Nikolaus"]
[Black "Sergeyeva, Mariya"]
[Result "1-0"]
[WhiteElo "2516"]
[BlackElo "2320"]
[[PlyCount "87"]
[[BlackElo "2320"]

1.e4 c5 2.Nf3 d6 3.c3 Nf6 4.h3 e6 5.Bd3 Nc6 6.Bc2 Be7 7.O-O O-O 8.Re1 b5 9.d4 Bb7
10.dxc5 dxc5 11.Qe2 Qb6 12.e5 Nd7 13.Qe4 g6 14.Qg4 Rfe8 15.Bf4 Bf8 16.Nbd2 Bg7 17.Qg3
Ne7 18.Ne4 Nf5 19.Qh2 Rad8 20.Bg5 Bxe4 21.Bxd8 Qxd8 22.Bxe4 Qc7 23.Bxf5 exf5 24.Rad1
Nxe5 25.Nxe5 Rxe5 26.Qg3 Rxe1+ 27.Rxe1 Qxg3 28.Re8+ Bf8 29.fxg3 Kg7 30.Rb8 b4 31.Ra8
Bd6 32.Rxa7 Bxg3 33.a4 Be5 34.cxb4 cxb4 35.Rb7 Bxb2 36.Rxb4 Bc3 37.Rb5 Kf8 38.a5 Ke8
39.a6 Kd8 40.Rb7 Kc8 41.Rxf7 Kb8 42.Rb7+ Ka8 43.Rxh7 g5 44.Kf2 1-0

[Event "Vienna Chess Open 2013"]
[Site "Großer Festsaal im Wiener Rathaus, 1010 Wien"]
[Date "2013.08.23"]
[Round "7.14"]
[White "Hertneck, Gerald"]
[Black "Grötz, Harald"]
[Result "1/2-1/2"]
[WhiteElo "2499"]
[BlackElo "2316"]
[[PlyCount "63"]
[[BlackElo "2316"]

1.c4 e5 2.g3 Nc6 3.Bg2 g6 4.Nc3 Bg7 5.Rb1 a5 6.a3 d6 7.b4 axb4 8.axb4 f5 9.b5 Nd4
10.d3 Nf6 11.Nf3 Ne6 12.Nd2 O-O 13.Nb3 h6 14.Bd2 g5 15.O-O g4 16.Qc2 f4 17.Ra1 Rb8
18.Ra4 Qe8 19.Rfa1 Qh5 20.c5 fxg3 21.fxg3 Ng5 22.Be3 Be6 23.Rf1 d5 24.d4 Nh3+ 25.Kh1
Ne4 26.Nxe4 Rxf1+ 27.Bxf1 dxe4 28.Bg2 Qf7 29.d5 Bxd5 30.Nd2 Nf2+ 31.Kg1 Nh3+ 32.Kh1 1/2-1/2

[Event "Vienna Chess Open 2013"]
[Site "Großer Festsaal im Wiener Rathaus, 1010 Wien"]
[Date "2013.08.23"]
[Round "7.15"]
[White "Deglmann, Ludwig"]
[Black "Rombaldoni, Denis"]
[Result "1-0"]
[WhiteElo "2332"]
[BlackElo "2496"]
[[PlyCount "65"]
[[BlackElo "2496"]

1.d4 d5 2.c4 e6 3.Nc3 Nf6 4.cxd5 exd5 5.Bg5 Be7 6.Qc2 c6 7.e3 Nbd7 8.Bd3 Nh5 9.Bxe7
Qxe7 10.O-O-O Nb6 11.h3 g6 12.Kb1 Ng7 13.Nf3 Bf5 14.g4 Bxd3 15.Qxd3 O-O-O 16.Rhe1
h5 17.Ne5 Nd7 18.Nxd7 Qxd7 19.e4 dxe4 20.Rxe4 Ne6 21.Qc4 Ng5 22.Rf4 Kb8 23.d5 Nxh3
24.Rf6 cxd5 25.Nxd5 Rc8 26.Qb3 Rhe8 27.a3 Re5 28.Nb6 Qb5 29.Qxb5 Rxb5 30.Nxc8 Kxc8
31.gxh5 gxh5 32.Rh1 Ng5 33.Rxh5 1-0

[Event "Vienna Chess Open 2013"]
[Site "Großer Festsaal im Wiener Rathaus, 1010 Wien"]
[Date "2013.08.23"]
[Round "7.16"]
[White "Haag, Martin"]
[Black "Petrov, Marijan"]
[Result "0-1"]
[WhiteElo "2305"]
[BlackElo "2489"]
[[PlyCount "82"]
[[BlackElo "2489"]

1.c4 g6 2.g3 Bg7 3.Bg2 e5 4.Nc3 d6 5.d3 Nf6 6.e4 c6 7.Nge2 a6 8.O-O O-O 9.h3 b5 10.b4
a5 11.bxa5 bxc4 12.dxc4 Rxa5 13.Rb1 Be6 14.Qd3 Na6 15.Rd1 Ne8 16.Be3 Nc5 17.Bxc5 Rxc5
18.Rb4 Ra5 19.Nc1 Qe7 20.Qb1 Ra7 21.Qb3 Nc7 22.Rb6 Qd7 23.Kh2 Na6 24.Qa4 Nb8 25.Qb3
Qc7 26.Bf1 Nd7 27.Rb4 f5 28.Qc2 Nc5 29.Rb2 fxe4 30.Nxe4 Nxe4 31.Qxe4 d5 32.Qe1 e4
33.Rc2 Qe5 34.Nb3 h5 35.h4 g5 36.hxg5 h4 37.Nd4 Bd7 38.cxd5 cxd5 39.Qe3 Ra4 40.Rcd2
hxg3+ 41.Qxg3 Bg4 0-1

[Event "Vienna Chess Open 2013"]
[Site "Großer Festsaal im Wiener Rathaus, 1010 Wien"]
[Date "2013.08.23"]
[Round "7.17"]
[White "Akesson, Ralf"]
[Black "Weinzettl, Ernst"]
[Result "1-0"]
[WhiteElo "2455"]
[BlackElo "2304"]
[[PlyCount "67"]
[[BlackElo "2304"]

1.Nf3 Nf6 2.c4 g6 3.Nc3 Bg7 4.e4 d6 5.d4 O-O 6.h3 e5 7.d5 a5 8.Be3 Na6 9.Nd2 Nd7 10.g4
Nac5 11.h4 f5 12.gxf5 gxf5 13.exf5 Nf6 14.h5 h6 15.Rg1 Kh8 16.Nf3 Bxf5 17.Nh4 Qd7
18.Qf3 Bg4 19.Ng6+ Kh7 20.Nxf8+ Rxf8 21.Qg3 e4 22.Kd2 Nd3 23.Bxd3 exd3 24.Rg2 Bf5
25.Rag1 Ng4 26.Nb5 Rg8 27.Qf3 Ne5 28.Qf4 c6 29.Rxg7+ Rxg7 30.Qxh6+ Kg8 31.Rxg7+ Qxg7
32.Qxg7+ Kxg7 33.Nxd6 Bh7 34.Bd4 1-0

[Event "Vienna Chess Open 2013"]
[Site "Großer Festsaal im Wiener Rathaus, 1010 Wien"]
[Date "2013.08.23"]
[Round "7.18"]
[White "Mazja, Aleksandr"]
[Black "Arkell, Keith"]
[Result "0-1"]
[WhiteElo "2295"]
[BlackElo "2444"]
[[PlyCount "86"]
[[BlackElo "2444"]

1.d4 Nf6 2.Nf3 e6 3.g3 b5 4.Bg2 Bb7 5.O-O c5 6.a4 b4 7.Nbd2 cxd4 8.Nb3 Be7 9.Qxd4
Nc6 10.Qd3 Na5 11.Nfd4 Bxg2 12.Kxg2 O-O 13.e4 Nxb3 14.Nxb3 Qc7 15.Bf4 Qc6 16.f3 Rfc8
17.Rf2 d5 18.e5 Nd7 19.h4 Nb6 20.Be3 Nxa4 21.Na5 Qd7 22.Bd4 Rc7 23.Nb3 a5 24.Re2 h6
25.f4 Bc5 26.Rxa4 Bxd4 27.Rxa5 Rxa5 28.Nxa5 Bxb2 29.Nb3 Rc3 30.Qd2 Rc4 31.Qd3 h5 32.Qf3
g6 33.Qd3 Qc7 34.Qd1 Qa7 35.Rf2 Bd4 36.Rd2 Be3 37.Re2 Rc3 38.Kh2 Qc7 39.Rg2 Qc4 40.Re2
Bxf4 41.gxf4 Qxf4+ 42.Kg1 Qg4+ 43.Kf1 Rf3+ 0-1

[Event "Vienna Chess Open 2013"]
[Site "Großer Festsaal im Wiener Rathaus, 1010 Wien"]
[Date "2013.08.23"]
[Round "7.19"]
[White "Mork, Kjell Arne"]
[Black "Beshukov, Sergei"]
[Result "1-0"]
[WhiteElo "2289"]
[BlackElo "2441"]
[[PlyCount "95"]
[[BlackElo "2441"]

1.e4 c5 2.Nf3 e6 3.d4 cxd4 4.Nxd4 a6 5.Bd3 Bc5 6.Nb3 Be7 7.O-O Nc6 8.a4 Nf6 9.Nc3
Qc7 10.a5 h5 11.Qe2 Ng4 12.f4 b5 13.Kh1 Qa7 14.Nd1 Nd4 15.Nxd4 Qxd4 16.Be3 Nxe3 17.c3
Qa7 18.Nxe3 Qc7 19.c4 b4 20.Nc2 Rb8 21.Nd4 b3 22.e5 Bc5 23.Nf3 d6 24.f5 dxe5 25.Nxe5
Rh6 26.Rae1 Bd6 27.Ng6 fxg6 28.fxe6 Bb7 29.Rf7 Qc5 30.e7 Kxf7 31.e8=Q+ Rxe8 32.Qxe8+
Kf6 33.Qe6+ Kg5 34.Be4 Bc8 35.Qf7 Qe5 36.g3 Bf5 37.h4+ Kg4 38.Bf3+ Kxg3 39.Rxe5 Bxe5
40.Bg2 Rh8 41.Qe7 Bf6 42.Qe1+ Kf4 43.Kh2 Bc2 44.Qf2+ Ke5 45.Qe3+ Kd6 46.c5+ Kc7 47.Qf4+
Kc8 48.Qd6 1-0

[Event "Vienna Chess Open 2013"]
[Site "Großer Festsaal im Wiener Rathaus, 1010 Wien"]
[Date "2013.08.23"]
[Round "7.20"]
[White "Sanal, Vahap"]
[Black "Kraidman, Yair"]
[Result "1-0"]
[WhiteElo "2421"]
[BlackElo "2254"]
[[PlyCount "117"]
[[BlackElo "2254"]

1.e4 g6 2.d4 Bg7 3.Nf3 d6 4.Bd3 Nc6 5.c3 Nf6 6.O-O O-O 7.h3 e5 8.Be3 exd4 9.Nxd4 Ne5
10.Bc2 Nc4 11.Bg5 Nxb2 12.Qe2 c5 13.Nf3 c4 14.Nbd2 Qa5 15.Rab1 Qxc3 16.e5 Re8 17.Rfc1
Qa3 18.Nxc4 Nxc4 19.Qxc4 dxe5 20.Qh4 e4 21.Nd4 Nd5 22.Nb5 Qa5 23.Nd6 Be6 24.Nxe8 Rxe8
25.Qxe4 h6 26.Qa4 Qxa4 27.Bxa4 Rb8 28.Bd2 a6 29.Bb3 g5 30.Rd1 b5 31.Rbc1 Ra8 32.Rc5
Nb6 33.Bxe6 fxe6 34.Be3 Nd5 35.Bd4 Bf8 36.Rc6 Kf7 37.Re1 Re8 38.Rxa6 b4 39.Ra7+ Kg6
40.Ra6 Kf7 41.g3 Nc3 42.Kg2 Nd5 43.Re2 Nc3 44.Re1 Nd5 45.Re4 Nc3 46.Bxc3 bxc3 47.Rc6
Bg7 48.Kf3 Ra8 49.Rc7+ Kf8 50.a4 Ra6 51.Kg4 Kg8 52.Kh5 Rd6 53.Kg6 e5+ 54.Kh5 Rd4 55.f3
Rd3 56.Kg4 Kh7 57.h4 gxh4 58.Kxh4 Rxf3 59.Rg4 1-0

[Event "Vienna Chess Open 2013"]
[Site "Großer Festsaal im Wiener Rathaus, 1010 Wien"]
[Date "2013.08.23"]
[Round "7.21"]
[White "Wiesinger, Robert"]
[Black "Manea, Alexandru"]
[Result "0-1"]
[WhiteElo "2252"]
[BlackElo "2390"]
[[PlyCount "66"]
[[BlackElo "2390"]

1.e4 g6 2.d4 Bg7 3.Nc3 d6 4.f4 c6 5.Be3 b5 6.Bd3 Qb6 7.Nf3 Bg4 8.Ne2 Nd7 9.O-O Ngf6
10.h3 Bxf3 11.Rxf3 Qb7 12.c3 a6 13.a4 Rb8 14.a5 c5 15.e5 Nd5 16.Be4 c4 17.Bf2 e6 18.Bh4
f5 19.exf6 Bxf6 20.Qe1 O-O 21.Qg3 Bxh4 22.Qxh4 N7f6 23.Ng3 b4 24.Re1 Rbe8 25.Kh2 Qb5
26.Ref1 Qxa5 27.Bb1 bxc3 28.f5 exf5 29.bxc3 f4 30.Bxg6 hxg6 31.Qg5 fxg3+ 32.Rxg3 Qc7
33.Qxg6+ Kh8 0-1

[Event "Vienna Chess Open 2013"]
[Site "Großer Festsaal im Wiener Rathaus, 1010 Wien"]
[Date "2013.08.23"]
[Round "7.22"]
[White "Semenova, Irina"]
[Black "Alvir, Aco"]
[Result "1/2-1/2"]
[WhiteElo "2240"]
[BlackElo "2383"]
[[PlyCount "40"]
[[BlackElo "2383"]

1.e4 e5 2.Nf3 Nc6 3.Bb5 a6 4.Ba4 Nf6 5.Qe2 b5 6.Bb3 Bc5 7.c3 O-O 8.O-O d5 9.d3 Re8
10.exd5 e4 11.dxe4 Rxe4 12.Qd1 Ne5 13.Nbd2 Nxf3+ 14.Nxf3 Bg4 15.Qd3 Qd6 16.Bg5 Rae8
17.Bc2 g6 18.Bxf6 Qxf6 19.Qxe4 Rxe4 20.Bxe4 Qf4 1/2-1/2

[Event "Vienna Chess Open 2013"]
[Site "Großer Festsaal im Wiener Rathaus, 1010 Wien"]
[Date "2013.08.23"]
[Round "7.23"]
[White "Sipila, Vilka"]
[Black "Lucaci, Marius"]
[Result "1-0"]
[WhiteElo "2474"]
[BlackElo "2161"]
[[PlyCount "88"]
[[BlackElo "2161"]

1.f4 d5 2.Nf3 Nf6 3.e3 e6 4.b3 b6 5.Bb2 Bb7 6.Be2 c5 7.Ne5 Nc6 8.O-O Qc7 9.Qe1 O-O-O
10.d4 Ne4 11.a4 cxd4 12.Nxc6 Qxc6 13.Bxd4 Qxc2 14.a5 Bc5 15.axb6 Bxd4 16.exd4 axb6
17.Bf3 Qxb3 18.Nc3 Kb8 19.Nxe4 dxe4 20.Bxe4 Rxd4 21.Bxb7 Kxb7 22.Qe5 Rhd8 23.Rab1
Qd3 24.h3 Re4 25.Qg5 Rd5 26.Qe7+ Rd7 27.Qe8 Rc4 28.Ra1 Rc8 29.Ra7+ Kxa7 30.Qxc8 Qd4+
31.Kh1 b5 32.Rb1 Rb7 33.Qc6 g6 34.Rc1 Qd7 35.Qc5+ Rb6 36.Ra1+ Kb7 37.Qa3 Kc6 38.Qf3+
Qd5 39.Qc3+ Kd7 40.Qf6 Qf5 41.Qd4+ Kc7 42.Rc1+ Rc6 43.Qa7+ Kd6 44.Qb8+ Kd5 1-0

[Event "Vienna Chess Open 2013"]
[Site "Großer Festsaal im Wiener Rathaus, 1010 Wien"]
[Date "2013.08.23"]
[Round "7.24"]
[White "Sokolov, Ivan"]
[Black "Rolle, Eric"]
[Result "1-0"]
[WhiteElo "2656"]
[BlackElo "2253"]
[[PlyCount "57"]
[[BlackElo "2253"]

1.d4 e6 2.c4 Bb4+ 3.Bd2 Qe7 4.Nc3 Nf6 5.Qc2 Nc6 6.Nf3 d5 7.e3 O-O 8.a3 Bxc3 9.Bxc3
Ne4 10.Bd3 f5 11.b4 a6 12.O-O Bd7 13.Bb2 Be8 14.b5 dxc4 15.Bxc4 axb5 16.Bxb5 Ng5 17.Nxg5
Qxg5 18.Bc4 Nd8 19.d5 exd5 20.Bxd5+ Bf7 21.Bf3 c6 22.Rfd1 Be6 23.g3 Nf7 24.h4 Qe7
25.Qc3 Nh6 26.Rd6 Rf6 27.Rad1 Nf7 28.R6d2 Ra4 29.Qc2 1-0

[Event "Vienna Chess Open 2013"]
[Site "Großer Festsaal im Wiener Rathaus, 1010 Wien"]
[Date "2013.08.23"]
[Round "7.25"]
[White "Ådnøy, Hallvard"]
[Black "Fier, Alexandr"]
[Result "0-1"]
[WhiteElo "2256"]
[BlackElo "2595"]
[[PlyCount "94"]
[[BlackElo "2595"]

1.e4 c5 2.c3 Nf6 3.e5 Nd5 4.d4 cxd4 5.Nf3 Nc6 6.Bc4 Nb6 7.Bb3 g6 8.cxd4 Bg7 9.O-O
O-O 10.Qe2 d6 11.h3 a5 12.a3 a4 13.Ba2 Bf5 14.Rd1 d5 15.Be3 Na5 16.Nbd2 Qd7 17.Rac1
Rfc8 18.Rc5 f6 19.Bf4 Be6 20.Re1 Kf7 21.Nf1 Nbc4 22.h4 b6 23.Rxc8 Rxc8 24.h5 Bg4 25.hxg6+
hxg6 26.N1h2 Bf5 27.Nh4 Nb3 28.Bxb3 axb3 29.g4 Be6 30.Qd3 g5 31.Qg6+ Kf8 32.exf6 exf6
33.Bxg5 fxg5 34.Qxg5 Kg8 35.Nf5 Re8 36.Qg6 Kf8 37.Nxg7 Qxg7 38.Rxe6 Qxg6 39.Rxg6 Re2
40.g5 Rxb2 41.Ng4 Rb1+ 42.Kg2 b2 43.Rf6+ Ke7 44.g6 Ra1 45.g7 b1=Q 46.g8=Q Qh1+ 47.Kg3
Rg1+ 0-1